[Event "XXVIII Festival Conca della Presolana 1N"]
[Site "Bratto - Castione della Presolana ITA"]
[Date "2008.08.29"]
[Round "7"]
[White "Quagliarella, Sabino Remo"]
[Black "Viglino, Antonio"]
[Result "1/2-1/2"]
[WhiteElo "1925"]
[BlackElo "1862"]
[PlyCount "85"]
[EventDate "2008.08.23"]

1. d4 e6 2. Nf3 Nf6 3. g3 Be7 4. Bg2 O-O 5. O-O d5 6. Nbd2 b6 7. Ne5 Bb7 8. Re1
Nbd7 9. Nxd7 Qxd7 10. c4 c5 11. cxd5 exd5 12. e3 Rac8 13. Nf3 Bd6 14. Bd2 Ne4
15. Rc1 Qe7 16. Rf1 f5 17. Qe2 Rce8 18. Rfd1 g5 19. Be1 f4 20. dxc5 Bxc5 21.
Nd4 Qf7 22. Qb5 fxe3 23. fxe3 Re5 24. b4 Bxd4 25. Rxd4 Nd6 26. Qe2 Nf5 27. Rd3
Ba6 28. Qb2 d4 29. b5 Rxb5 30. Qa3 Bb7 31. Bxb7 Qxb7 32. exd4 Qe4 33. Bf2 Nd6
34. Re1 Qf5 35. Be3 Nc4 36. Qc3 Nxe3 37. Rdxe3 Qf2+ 38. Kh1 Rb2 39. Qc4+ Kh8
40. R3e2 Rxe2 41. Qxe2 Qxd4 42. Qe5+ Qxe5 43. Rxe5 1/2-1/2

[Event "XXVIII Festival Conca della Presolana 1N"]
[Site "Bratto - Castione della Presolana ITA"]
[Date "2008.08.29"]
[Round "7"]
[White "Rota, Simone"]
[Black "Biava, Pierluigi"]
[Result "1-0"]
[WhiteElo "1834"]
[BlackElo "1872"]
[PlyCount "93"]
[EventDate "2008.08.23"]

1. d4 Nf6 2. c4 e6 3. Nf3 b6 4. g3 Bb7 5. Bg2 Bb4+ 6. Bd2 Be7 7. Nc3 O-O 8. O-O
Na6 9. Bf4 d6 10. Re1 Qd7 11. e4 Rfd8 12. d5 e5 13. Bd2 c6 14. Nh4 cxd5 15.
cxd5 g6 16. Bf3 Rac8 17. Bg5 Rc4 18. Qe2 Qc7 19. Rac1 Rc5 20. a3 Qb8 21. b4 Rc7
22. Rc2 Rdc8 23. Rec1 Nxd5 24. Nxd5 Bxg5 25. Nxc7 Nxc7 26. Rb1 Ne6 27. Bg4 Rxc2
28. Qxc2 Nd4 29. Qd3 Qc7 30. Nf3 Nxf3+ 31. Bxf3 Qc6 32. Rd1 f5 33. Qxd6 fxe4
34. Qxe5 Bf6 35. Qb8+ Kg7 36. Bg2 Be7 37. Qe5+ Kf7 38. Qd4 Qe6 39. Bf1 Qf6 40.
Bc4+ Kg7 41. Qxf6+ Kxf6 42. Rd7 Bc8 43. Rxa7 h5 44. Rc7 Bg4 45. Rc6+ Kg5 46.
Rxb6 Bf6 47. h4+ 1-0

[Event "XXVIII Festival Conca della Presolana 1N"]
[Site "Bratto - Castione della Presolana ITA"]
[Date "2008.08.29"]
[Round "7"]
[White "Sala, Giovanni"]
[Black "Mandolini, Riccardo"]
[Result "1/2-1/2"]
[WhiteElo "1970"]
[BlackElo "1946"]
[PlyCount "129"]
[EventDate "2008.08.23"]

1. c4 c6 2. Nf3 d5 3. g3 Nf6 4. Bg2 g6 5. O-O Bg7 6. d3 O-O 7. Nc3 dxc4 8. dxc4
Qxd1 9. Nxd1 Nbd7 10. Be3 Ng4 11. Bd2 Nb6 12. Rc1 f5 13. b3 e5 14. h3 e4 15.
hxg4 exf3 16. exf3 fxg4 17. f4 Re8 18. Bc3 Bf5 19. Bxg7 Kxg7 20. Ne3 Rad8 21.
Rfd1 Be6 22. Kf1 h5 23. Ke1 Nc8 24. Rxd8 Rxd8 25. Rd1 Rxd1+ 26. Kxd1 Nd6 27.
Kd2 Kf6 28. Kd3 Nf5 29. Nxf5 gxf5 30. Kd4 Bd7 31. b4 Ke6 32. b5 cxb5 33. Bxb7
bxc4 34. Bd5+ Kd6 35. Bxc4 Be8 36. a3 Bg6 37. Ba6 Bh7 38. Bb5 Bg6 39. Bc4 Be8
40. Bd5 Bg6 41. Bg8 Be8 42. Bh7 Ke6 43. Bg8+ Kd6 44. Kc4 Bg6 45. Kb4 Be8 46.
Kc4 Bg6 47. Kd4 Be8 48. Bb3 Bg6 49. Ba4 Bf7 50. Bb5 Bg6 51. Bd3 Bh7 52. Ba6 Bg6
53. a4 Be8 54. a5 Bf7 55. Bd3 Bg6 56. Bc4 Be8 57. Bd5 Bg6 58. Bg8 Be8 59. Kc4
Kc6 60. Be6 Bg6 61. Bd5+ Kd6 62. Bg2 Be8 63. Bb7 Kc7 64. Ba6 Kd6 65. Bb5
1/2-1/2

[Event "XXVIII Festival Conca della Presolana 1N"]
[Site "Bratto - Castione della Presolana ITA"]
[Date "2008.08.29"]
[Round "7"]
[White "Scarpellini, Felice"]
[Black "Carbone, Lorenzo"]
[Result "1/2-1/2"]
[WhiteElo "1857"]
[BlackElo "1767"]
[PlyCount "80"]
[EventDate "2008.08.23"]

1. c4 c5 2. Nc3 e6 3. Nf3 Nc6 4. g3 Nf6 5. Bg2 Be7 6. O-O O-O 7. d4 cxd4 8.
Nxd4 a6 9. Nxc6 dxc6 10. Qc2 Qc7 11. Bg5 h6 12. Bxf6 Bxf6 13. Ne4 Be7 14. Rad1
b5 15. c5 Bb7 16. Nd6 Rad8 17. Qd2 Rd7 18. e4 Ba8 19. e5 Qa7 20. b4 Rfd8 21.
Qc2 Bf8 22. a4 g6 23. axb5 axb5 24. Ra1 Qb8 25. Ra5 Bg7 26. f4 Ra7 27. Rfa1
Rdd7 28. Qa2 Rxa5 29. Qxa5 Bb7 30. Nxb5 cxb5 31. c6 Bxc6 32. Bxc6 Rd2 33. Qxb5
Qxb5 34. Bxb5 Bf8 35. Ra8 Kg7 36. Bc4 Bxb4 37. Rb8 Be7 38. Rb7 Kf8 39. Bb5 Bc5+
40. Kh1 Be7 1/2-1/2

[Event "XXVIII Festival Conca della Presolana 1N"]
[Site "Bratto - Castione della Presolana ITA"]
[Date "2008.08.29"]
[Round "7"]
[White "Stella, Luca"]
[Black "Fiorili, Roberto"]
[Result "1/2-1/2"]
[WhiteElo "1894"]
[BlackElo "1918"]
[PlyCount "69"]
[EventDate "2008.08.23"]

1. e4 g6 2. d4 Bg7 3. Nc3 d6 4. Be3 c6 5. f3 b5 6. Qd2 a6 7. g4 Bb7 8. h4 Nd7
9. O-O-O a5 10. h5 a4 11. h6 Bf8 12. g5 b4 13. Nce2 Qa5 14. Nf4 e6 15. d5 cxd5
16. exd5 e5 17. Nd3 b3 18. Qxa5 Rxa5 19. axb3 axb3 20. c4 Ra4 21. Nf2 Ba6 22.
Ne4 Bxc4 23. Bxc4 Rxc4+ 24. Kb1 f5 25. Nd2 Rc7 26. Nxb3 f4 27. Bf2 Ne7 28. Ne2
Nf5 29. Nc3 Kf7 30. Ne4 Be7 31. Na5 Rb8 32. Rc1 Rxc1+ 33. Rxc1 Rb5 34. Rc7 Rxa5
35. Rxd7 1/2-1/2

[Event "XXVIII Festival Conca della Presolana 1N"]
[Site "Bratto - Castione della Presolana ITA"]
[Date "2008.08.30"]
[Round "8"]
[White "Acunzo, Domenico"]
[Black "Stella, Luca"]
[Result "0-1"]
[WhiteElo "1787"]
[BlackElo "1894"]
[PlyCount "58"]
[EventDate "2008.08.23"]

1. e4 c5 2. Nf3 d6 3. c3 Nf6 4. Be2 g6 5. O-O Bg7 6. Qc2 Nc6 7. d4 cxd4 8. cxd4
O-O 9. a3 Bd7 10. Nc3 Rc8 11. Bf4 d5 12. exd5 Bf5 13. Qa4 Nxd5 14. Nxd5 Qxd5
15. Be3 Rfd8 16. Rfd1 Qa5 17. Bb5 Qxa4 18. Bxa4 Be4 19. Bxc6 Bxc6 20. Ne5 Rd5
21. Nxc6 Rxc6 22. Rd2 e5 23. dxe5 Rxd2 24. Bxd2 Bxe5 25. Rb1 Rc2 26. Be3 Bxb2
27. Bxa7 Bxa3 28. g3 Rc1+ 29. Rxc1 29... Bxc1 {...} 0-1

[Event "XXVIII Festival Conca della Presolana 1N"]
[Site "Bratto - Castione della Presolana ITA"]
[Date "2008.08.30"]
[Round "8"]
[White "Bettini, Massimo"]
[Black "Favoni, Matteo"]
[Result "0-1"]
[WhiteElo "1814"]
[BlackElo "1941"]
[PlyCount "56"]
[EventDate "2008.08.23"]

1. e4 c5 2. Nf3 d6 3. d4 cxd4 4. Nxd4 Nf6 5. Nc3 a6 6. Be3 e5 7. Nf3 Be7 8. Bc4
Be6 9. Nd5 Nbd7 10. Nxf6+ Nxf6 11. Bxe6 fxe6 12. Ng5 Qd7 13. Qf3 Rc8 14. c3 h6
15. Qh3 Rg8 16. Nf3 Nxe4 17. Rd1 Bf6 18. O-O d5 19. Rfe1 g5 20. Nd2 Nd6 21. Bd4
g4 22. Qxh6 Qf7 23. Bxe5 Bg5 24. Qh8 Rxh8 25. Bxh8 Kd7 26. Be5 Rf8 27. Ne4 Nxe4
28. Rxe4 Qxf2+ 0-1

[Event "XXVIII Festival Conca della Presolana 1N"]
[Site "Bratto - Castione della Presolana ITA"]
[Date "2008.08.30"]
[Round "8"]
[White "Biava, Pierluigi"]
[Black "Roversi, Stefano"]
[Result "0-1"]
[WhiteElo "1872"]
[BlackElo "1840"]
[PlyCount "142"]
[EventDate "2008.08.23"]

1. d4 Nf6 2. Nf3 d6 3. e3 g6 4. Be2 Bg7 5. Nbd2 O-O 6. c3 Nbd7 7. Qb3 c5 8. O-O
a6 9. Rd1 b5 10. a4 c4 11. Qc2 Bb7 12. e4 Qc7 13. axb5 axb5 14. Rxa8 Rxa8 15.
d5 Nc5 16. Nd4 Qa5 17. b4 cxb3 18. N2xb3 Nxb3 19. Nxb3 Qa4 20. f3 Nd7 21. Be3
Qa2 22. Qxa2 Rxa2 23. Bxb5 Ne5 24. Ra1 Rxa1+ 25. Nxa1 f5 26. Bd4 fxe4 27. fxe4
Kf7 28. Nb3 e6 29. Na5 Ba8 30. Nc6 exd5 31. exd5 Bf6 32. Kf1 Ng4 33. Bxf6 Kxf6
34. c4 Nxh2+ 35. Ke2 Ng4 36. Kf3 Ne5+ 37. Ke4 Nd7 38. Kd4 Nc5 39. Na7 Bb7 40.
Nc6 h5 41. Kc3 g5 42. Kb4 h4 43. Nd8 Bc8 44. Ka5 g4 45. Kb6 h3 46. gxh3 gxh3
47. Kc7 h2 48. Kxc8 h1=Q 49. Kc7 Ne4 50. Ne6 Qh7+ 51. Kc6 Qa7 52. Nc7 Qc5+ 53.
Kb7 Ke5 54. Ne6 Qb4 55. Nc7 Nc3 56. Kc6 Qa5 57. Kb7 Ne4 58. Ne6 Nc5+ 59. Nxc5
dxc5 60. Kc6 Kd4 61. d6 Qa8+ 62. Kc7 Qa7+ 63. Kc6 Ke5 64. d7 Qb8 65. Ba6 Qd6+
66. Kb7 Qxd7+ 67. Kb6 Kd4 68. Bb5 Qe6+ 69. Ka5 Qe1+ 70. Kb6 Qe6+ 71. Ka5 Qxc4
0-1

[Event "XXVIII Festival Conca della Presolana 1N"]
[Site "Bratto - Castione della Presolana ITA"]
[Date "2008.08.30"]
[Round "8"]
[White "Bonoldi, Fabio"]
[Black "Paganini, Andrea"]
[Result "1-0"]
[WhiteElo "1902"]
[BlackElo "1840"]
[PlyCount "85"]
[EventDate "2008.08.23"]

1. c4 e5 2. g3 d5 3. cxd5 Qxd5 4. Nf3 Nc6 5. Nc3 Qa5 6. d3 Nf6 7. Bd2 Qb6 8.
Rb1 Bd6 9. Bg2 Be6 10. O-O a5 11. Ng5 Bd7 12. Nge4 Nxe4 13. Nxe4 Be7 14. Be3
Qa6 15. Qc1 b6 16. Nd2 Qb5 17. Nc4 Bd6 18. Nxd6+ cxd6 19. f4 Rc8 20. fxe5 dxe5
21. Qc4 Qxc4 22. dxc4 Nb4 23. Bxb6 Nxa2 24. Bxa5 Bc6 25. Ra1 Bxg2 26. Kxg2 Rxc4
27. Rxa2 O-O 28. Bc3 f6 29. Rd1 Rc7 30. Ra6 Rb7 31. Rad6 h6 32. Rd8 Rxd8 33.
Rxd8+ Kh7 34. Kf3 Ra7 35. Rb8 Kg6 36. Bd2 Kf5 37. Be3 Ra1 38. Bf2 Rb1 39. g4+
Kg6 40. Rb7 h5 41. h3 hxg4+ 42. hxg4 Kg5 43. Rxg7+ 1-0

[Event "XXVIII Festival Conca della Presolana 1N"]
[Site "Bratto - Castione della Presolana ITA"]
[Date "2008.08.30"]
[Round "8"]
[White "Calcagno, Stefano"]
[Black "Cavaliere, Simone"]
[Result "1-0"]
[WhiteElo "1861"]
[BlackElo "1876"]
[PlyCount "63"]
[EventDate "2008.08.23"]

1. b3 e5 2. Bb2 Nc6 3. e3 a6 4. c4 Nf6 5. Nf3 d6 6. a3 Be7 7. Qc2 h6 8. Nc3 Be6
9. Rd1 Qc8 10. d4 Bf5 11. e4 Bg4 12. Ne2 Bxf3 13. gxf3 Nh5 14. Bc1 Bf6 15. d5
Nd4 16. Nxd4 exd4 17. f4 Qg4 18. Qe2 Qh4 19. Qf3 g5 20. fxg5 hxg5 21. Bb2 g4
22. Qe2 g3 23. Bxd4 Bxd4 24. Rxd4 gxh2 25. Qe3 Ng7 26. e5 Qe7 27. exd6 Qxe3+
28. fxe3 cxd6 29. Rd2 Nf5 30. Rdxh2 Rxh2 31. Rxh2 O-O-O 32. Bh3 1-0

[Event "XXVIII Festival Conca della Presolana 1N"]
[Site "Bratto - Castione della Presolana ITA"]
[Date "2008.08.30"]
[Round "8"]
[White "Cambieri, Mario"]
[Black "Morandi, Daniele"]
[Result "1-0"]
[WhiteElo "1879"]
[BlackElo "1988"]
[PlyCount "57"]
[EventDate "2008.08.23"]

1. c4 Nf6 2. Nc3 g6 3. g3 Bg7 4. Bg2 d6 5. Nf3 O-O 6. d4 Nc6 7. O-O e5 8. dxe5
Nxe5 9. Nxe5 dxe5 10. Qc2 c6 11. Rd1 Qc7 12. b4 Be6 13. Na4 a5 14. Be3 Bf5 15.
Qb3 b5 16. cxb5 cxb5 17. Rac1 bxa4 18. Qxa4 axb4 19. Bxa8 Qb8 20. Bg2 Ne4 21.
Bxe4 Bxe4 22. f3 Ba8 23. Bc5 e4 24. Qxb4 exf3 25. Bxf8 Qe5 26. Bc5 fxe2 27.
Rd8+ Bf8 28. Rxf8+ Kg7 29. Bd4 1-0

[Event "XXVIII Festival Conca della Presolana 1N"]
[Site "Bratto - Castione della Presolana ITA"]
[Date "2008.08.30"]
[Round "8"]
[White "Caputi, Giuliano"]
[Black "Pulvirenti, Gianni"]
[Result "1-0"]
[WhiteElo "1978"]
[BlackElo "1952"]
[PlyCount "83"]
[EventDate "2008.08.23"]

1. e4 d6 2. d4 g6 3. Nf3 Bg7 4. h3 Nf6 5. Bd3 Nc6 6. c3 e5 7. d5 Ne7 8. Be3 O-O
9. Qd2 Ne8 10. g4 c6 11. c4 a6 12. Nc3 Bd7 13. Nh4 Nxd5 14. cxd5 c5 15. a4 Qa5
16. O-O Rc8 17. f3 Qd8 18. Ng2 Bf6 19. Kh2 Ng7 20. Rh1 g5 21. Bf2 h5 22. gxh5
Nxh5 23. Kg1 Kh7 24. Ne3 Rg8 25. Ng4 Rg6 26. Ne2 Be7 27. b3 Kg7 28. Be3 Nf4 29.
Nxf4 gxf4 30. Bf2 Qh8 31. Kf1 Qh5 32. Ke2 Rh8 33. Rag1 Kh7 34. a5 Rgg8 35. b4
Rc8 36. bxc5 dxc5 37. d6 Bh4 38. Bxh4 Qxh4 39. Nxe5 Be6 40. Nxf7 Bxf7 41. e5+
Kh6 42. Rg4 1-0

[Event "XXVIII Festival Conca della Presolana 1N"]
[Site "Bratto - Castione della Presolana ITA"]
[Date "2008.08.30"]
[Round "8"]
[White "Carbone, Lorenzo"]
[Black "Pitrola, Carlo"]
[Result "1-0"]
[WhiteElo "1767"]
[BlackElo "1837"]
[PlyCount "59"]
[EventDate "2008.08.23"]

1. e4 e6 2. Nf3 d5 3. exd5 exd5 4. d4 Bd6 5. Bd3 Ne7 6. O-O O-O 7. Nc3 c6 8. h3
Bf5 9. Re1 Bxd3 10. Qxd3 Ng6 11. Be3 Nd7 12. Re2 Bf4 13. Rae1 f5 14. Qd2 Bxe3
15. Qxe3 Nf6 16. Qe6+ Kh8 17. Ng5 Qc7 18. Qxf5 Ne4 19. Qg4 Rf4 20. Ne6 Qf7 21.
Nxf4 Nxf4 22. Re3 h5 23. Qd1 Qg6 24. Qf3 Nxc3 25. Qxf4 Nxa2 26. c3 Qc2 27. Qg5
Rf8 28. Qxh5+ Kg8 29. R3e2 Qd3 30. Re8 1-0

[Event "XXVIII Festival Conca della Presolana 1N"]
[Site "Bratto - Castione della Presolana ITA"]
[Date "2008.08.30"]
[Round "8"]
[White "Cocuzzi, Edoardo"]
[Black "Crippa, Mario"]
[Result "1-0"]
[WhiteElo "1892"]
[BlackElo "1833"]
[PlyCount "73"]
[EventDate "2008.08.23"]

1. e4 c5 2. Bc4 e6 3. Nc3 Nc6 4. a4 Nf6 5. d3 d5 6. exd5 exd5 7. Ba2 Be7 8. h3
O-O 9. Nf3 Nb4 10. Bb3 h6 11. O-O Be6 12. Re1 a6 13. Ne2 Bd6 14. c3 Nc6 15. Bf4
Qc7 16. Qc1 Ne5 17. Bxe5 Bxe5 18. Nxe5 Qxe5 19. d4 cxd4 20. Nxd4 Qd6 21. Bc2
Rae8 22. Qd2 Bd7 23. Nf5 Bxf5 24. Bxf5 Qc6 25. Bc2 Rxe1+ 26. Rxe1 Re8 27. Rxe8+
Qxe8 28. Qe3 Qc6 29. g4 Ne4 30. f3 Qc5 31. Qxc5 Nxc5 32. b4 Nd7 33. Bf5 Nb6 34.
a5 Na4 35. Bc8 Nxc3 36. Bxb7 Na2 37. Bxa6 1-0

[Event "XXVIII Festival Conca della Presolana 1N"]
[Site "Bratto - Castione della Presolana ITA"]
[Date "2008.08.30"]
[Round "8"]
[White "Conta, Diego"]
[Black "Napoli, Ferdinando"]
[Result "1-0"]
[WhiteElo "1825"]
[BlackElo "1829"]
[PlyCount "41"]
[EventDate "2008.08.23"]

1. d4 Nf6 2. c4 g6 3. Nc3 Bg7 4. e4 d6 5. Bg5 Nbd7 6. Be2 O-O 7. Nf3 a6 8. O-O
e5 9. dxe5 dxe5 10. Qc2 c6 11. Rad1 Qc7 12. Rd2 Nc5 13. b4 Ne6 14. Bh4 Nd7 15.
Be7 Re8 16. Bd6 Qb6 17. Na4 Qa7 18. c5 Bf8 19. Nxe5 Bxd6 20. Nxd7 Be7 21. Nab6
1-0

[Event "XXVIII Festival Conca della Presolana 1N"]
[Site "Bratto - Castione della Presolana ITA"]
[Date "2008.08.30"]
[Round "8"]
[White "Fiorili, Roberto"]
[Black "Dritsakos, Alessio"]
[Result "0-1"]
[WhiteElo "1918"]
[BlackElo "1848"]
[PlyCount "48"]
[EventDate "2008.08.23"]

1. d4 d5 2. Nf3 Nf6 3. Bf4 e6 4. e3 Bd6 5. Bxd6 Qxd6 6. c3 Nbd7 7. Bd3 e5 8.
dxe5 Nxe5 9. Nxe5 Qxe5 10. Qe2 O-O 11. h3 Re8 12. Nd2 Bf5 13. O-O-O Ne4 14. g4
Nxc3 15. Qf1 Bxd3 16. Qxd3 Nxd1 17. Rxd1 Rad8 18. Re1 d4 19. e4 Rd6 20. Kb1 Rc6
21. Nf3 Qf4 22. e5 f6 23. Nxd4 Rxe5 24. Ne2 Qe4 0-1

[Event "XXVIII Festival Conca della Presolana 1N"]
[Site "Bratto - Castione della Presolana ITA"]
[Date "2008.08.30"]
[Round "8"]
[White "Litrico, Paolo"]
[Black "Rota, Simone"]
[Result "1-0"]
[WhiteElo "1921"]
[BlackElo "1834"]
[PlyCount "107"]
[EventDate "2008.08.23"]

1. d4 d5 2. Bf4 Nf6 3. e3 e6 4. Nf3 Bd6 5. Ne5 Nbd7 6. Nd2 O-O 7. Bd3 Ne8 8.
Qh5 f5 9. Ndf3 Nef6 10. Qh3 Qe8 11. g4 Bxe5 12. dxe5 fxg4 13. Qg3 gxf3 14. exf6
Nxf6 15. Be5 g6 16. h4 Ne4 17. Qh2 Rf5 18. Rg1 Rh5 19. Bxe4 dxe4 20. O-O-O Bd7
21. Bxc7 Rc8 22. Rg5 Rxg5 23. hxg5 Ba4 24. Qd6 Qc6 25. Qxc6 Bxc6 26. Be5 Bd5
27. b3 b5 28. Kb2 a5 29. Rh1 Rc6 30. Rh4 a4 31. Rf4 Ra6 32. Rf6 Rc6 33. Bd4 Rc8
34. Rf4 Rc6 35. Be5 Ra6 36. Rh4 Rc6 37. Rh1 a3+ 38. Kb1 Rb6 39. Rd1 Rb7 40. Rd4
Rb6 41. Rb4 Kf7 42. c4 Bc6 43. Kc2 Ke7 44. Kc3 Rb7 45. c5 Kd7 46. Rd4+ Bd5 47.
Kb4 Kc6 48. Bd6 Ra7 49. Kc3 Ra8 50. Rd1 Ra7 51. Kb4 Rb7 52. Rh1 Ra7 53. Rh4 Ra6
54. Rxh7 1-0

[Event "XXVIII Festival Conca della Presolana 1N"]
[Site "Bratto - Castione della Presolana ITA"]
[Date "2008.08.30"]
[Round "8"]
[White "Maccarini, Luca Nicola"]
[Black "Lanni, Vincenzo"]
[Result "1/2-1/2"]
[WhiteElo "1920"]
[BlackElo "1849"]
[PlyCount "101"]
[EventDate "2008.08.23"]

1. d4 g6 2. Nf3 Bg7 3. g3 Nf6 4. Bg2 d6 5. O-O O-O 6. c4 c6 7. Nc3 Nbd7 8. Qc2
Qc7 9. Rb1 e5 10. dxe5 dxe5 11. b4 Re8 12. Rd1 Nb6 13. Nd2 Be6 14. c5 Nbd5 15.
Nce4 Bf5 16. Nc4 Bxe4 17. Bxe4 Nxe4 18. Qxe4 Nc3 19. Qc2 Nxb1 20. Qxb1 Bf8 21.
f4 Rad8 22. Rxd8 Qxd8 23. Nxe5 Qd1+ 24. Kf2 Bg7 25. a3 Bxe5 26. fxe5 Rxe5 27.
Qb2 Rf5+ 28. Bf4 g5 29. e4 gxf4 30. exf5 fxg3+ 31. hxg3 Qd5 32. f6 Qf5+ 33. Kg2
h5 34. Qd4 Kh7 35. a4 Kg6 36. b5 Qc2+ 37. Kh3 cxb5 38. axb5 Qb1 39. Kh2 Qxb5
40. Qe4+ Kxf6 41. Qd4+ Kg6 42. Qe4+ Kg7 43. Qe5+ Kg8 44. Qg5+ Kf8 45. Qh6+ Ke8
46. Qh8+ Kd7 47. Qd4+ Ke8 48. Qh8+ Kd7 49. Qd4+ Ke8 50. Qh8+ Ke7 51. Qe5+
1/2-1/2

[Event "XXVIII Festival Conca della Presolana 1N"]
[Site "Bratto - Castione della Presolana ITA"]
[Date "2008.08.30"]
[Round "8"]
[White "Mandolini, Riccardo"]
[Black "Melone, Antonio"]
[Result "1-0"]
[WhiteElo "1946"]
[BlackElo "1718"]
[PlyCount "51"]
[EventDate "2008.08.23"]

1. Nc3 Nf6 2. e4 d6 3. d4 g6 4. Nf3 Bg7 5. h3 O-O 6. Be3 Nbd7 7. e5 Ne8 8. Bc4
Nb6 9. Bb3 d5 10. Qd2 a5 11. a4 f6 12. Bh6 fxe5 13. dxe5 e6 14. Bg5 Qd7 15. Qe3
Qf7 16. O-O-O Bd7 17. h4 Rc8 18. Qc5 Qf5 19. Rhe1 Rf7 20. Qe3 c5 21. Nxd5 Nxd5
22. Bxd5 h6 23. Be4 Qg4 24. Nh2 Rf3 25. Nxg4 Rxe3 26. Bxe3 1-0

[Event "XXVIII Festival Conca della Presolana 1N"]
[Site "Bratto - Castione della Presolana ITA"]
[Date "2008.08.30"]
[Round "8"]
[White "Nardone, Massimo"]
[Black "Quagliarella, Sabino Remo"]
[Result "1-0"]
[WhiteElo "1884"]
[BlackElo "1925"]
[PlyCount "159"]
[EventDate "2008.08.23"]

1. d4 g6 2. Nf3 Bg7 3. e4 d6 4. Nbd2 Nd7 5. Bc4 Ngf6 6. O-O O-O 7. e5 dxe5 8.
dxe5 Ng4 9. e6 Nde5 10. exf7+ Kh8 11. Nxe5 Nxe5 12. Bb3 Bf5 13. c3 Nxf7 14. Nc4
Nd6 15. Nxd6 exd6 16. Be3 a5 17. Bd4 Bxd4 18. Qxd4+ Qf6 19. Qxf6+ Rxf6 20. Rfe1
a4 21. Bd5 c6 22. Be4 Be6 23. a3 Raf8 24. f3 Bb3 25. Bd3 R6f7 26. Re3 Kg7 27.
Rae1 b5 28. Re7 Kf6 29. Rxf7+ Rxf7 30. Kf2 Be6 31. Be4 d5 32. Bd3 Ke7 33. Ke3
Kd6 34. f4 Bd7 35. g3 Kc5 36. Kd2 Kd6 37. Re5 Re7 38. Rxe7 Kxe7 39. Ke3 Kd6 40.
Kf3 c5 41. g4 d4 42. cxd4 cxd4 43. f5 gxf5 44. gxf5 Ke5 45. f6 Bc6+ 46. Kg4
Kxf6 47. Bxh7 Ke5 48. Bd3 Be4 49. Bxb5 Bc2 50. Kf3 Bd1+ 51. Kf2 Ke4 52. Ke1 Bb3
53. Kd2 Kd5 54. h4 Ke5 55. h5 Kf6 56. Be8 Ke7 57. Bg6 Bc4 58. h6 Kf6 59. h7 Kg7
60. Bd3 Bb3 61. Ke1 Bd5 62. Kf2 Kh8 63. Kg3 Kg7 64. Kf4 Bb3 65. Ke4 Bd1 66.
Kxd4 Bb3 67. Kc3 Bd1 68. Bc2 Bf3 69. Kb4 Bc6 70. Bxa4 Be4 71. Kc5 Bxh7 72. b4
Kf6 73. Kd6 Kf7 74. Kc7 Ke7 75. b5 Bd3 76. b6 Ba6 77. b7 Bxb7 78. Kxb7 Kd6 79.
Bc6 Kc5 80. a4 1-0

[Event "XXVIII Festival Conca della Presolana 1N"]
[Site "Bratto - Castione della Presolana ITA"]
[Date "2008.08.30"]
[Round "8"]
[White "Nepi, Ezio"]
[Black "Fasiello, Andrea"]
[Result "1-0"]
[WhiteElo "1833"]
[BlackElo "1879"]
[PlyCount "105"]
[EventDate "2008.08.23"]

1. d4 d5 2. c4 e6 3. Nc3 Nf6 4. cxd5 exd5 5. Bg5 Be7 6. e3 O-O 7. Qc2 c6 8. Nf3
Nbd7 9. Bd3 Re8 10. O-O Nf8 11. h3 Ng6 12. Rfe1 Be6 13. Bxf6 Bxf6 14. b4 a6 15.
a4 Be7 16. Rab1 Qd7 17. a5 Bd6 18. Ng5 Qe7 19. Nxe6 Qxe6 20. Na4 Qe7 21. Nc5
Rab8 22. e4 dxe4 23. Rxe4 Qd8 24. Rbe1 Rxe4 25. Rxe4 Nf8 26. Qe2 Nd7 27. Nxb7
Qc7 28. Nxd6 Qxd6 29. Re8+ Rxe8 30. Qxe8+ Nf8 31. Bc4 Qf4 32. Qe3 Qd6 33. Qf3
Ne6 34. Bxe6 fxe6 35. Qh5 g6 36. Qc5 Qd7 37. g3 Kf7 38. Qb6 Qc8 39. Qa7+ Kg8
40. Qe7 Kh8 41. h4 Kg8 42. Kg2 Kh8 43. Kf3 Qb8 44. Qf6+ Kg8 45. Qxe6+ Kf8 46.
Qxc6 Qxb4 47. Qc5+ Qxc5 48. dxc5 Ke7 49. g4 h6 50. Ke4 Ke6 51. f3 g5 52. h5 Kd7
53. Ke5 1-0

[Event "XXVIII Festival Conca della Presolana 1N"]
[Site "Bratto - Castione della Presolana ITA"]
[Date "2008.08.30"]
[Round "8"]
[White "Raselli, Claudio"]
[Black "Sala, Giovanni"]
[Result "1/2-1/2"]
[WhiteElo "1962"]
[BlackElo "1970"]
[PlyCount "86"]
[EventDate "2008.08.23"]

1. d4 f5 2. Nc3 d5 3. Bf4 c6 4. Nf3 Nf6 5. e3 e6 6. Bd3 Be7 7. O-O O-O 8. Ne5
Nbd7 9. Rb1 Nxe5 10. Bxe5 Nd7 11. f4 Nxe5 12. fxe5 c5 13. Qh5 Bd7 14. Nd1 Qe8
15. Qxe8 Bxe8 16. c4 Bc6 17. Nc3 g6 18. cxd5 Bxd5 19. Nxd5 exd5 20. Rbc1 Bg5
21. Rce1 Rae8 22. Bb5 Re7 23. g3 cxd4 24. exd4 Bd2 25. Re2 Ba5 26. Rd1 Bb6 27.
e6 Rc8 28. Bd7 Rc4 29. Red2 Ba5 30. Rd3 Kg7 31. a3 Kf6 32. b4 Bb6 33. Kg2 g5
34. h3 Rc2+ 35. R1d2 Rxd2+ 36. Rxd2 h6 37. Kf3 Rg7 38. Ke3 Ke7 39. a4 Bc7 40.
Kf2 f4 41. g4 Rg8 42. a5 Bd6 43. Rb2 Rb8 1/2-1/2

[Event "XXVIII Festival Conca della Presolana 1N"]
[Site "Bratto - Castione della Presolana ITA"]
[Date "2008.08.30"]
[Round "8"]
[White "Regorda, Vittorio"]
[Black "Guzzetti, Luigi Enrico"]
[Result "0-1"]
[WhiteElo "1859"]
[BlackElo "1739"]
[PlyCount "70"]
[EventDate "2008.08.23"]

1. d4 Nf6 2. c4 g6 3. Nc3 Bg7 4. e4 d6 5. f3 Nbd7 6. Be3 O-O 7. Bd3 c5 8. Nge2
a6 9. Qd2 Re8 10. O-O-O Qc7 11. Kb1 Rb8 12. g4 b5 13. g5 Nh5 14. cxb5 cxd4 15.
Bxd4 Nc5 16. Bxg7 Nxg7 17. Nd5 Qd7 18. Nef4 axb5 19. h4 Nce6 20. Nxe6 Nxe6 21.
h5 Bb7 22. hxg6 fxg6 23. f4 Bxd5 24. exd5 Nf8 25. f5 gxf5 26. g6 hxg6 27. Qg5
e5 28. dxe6 Qxe6 29. Rdf1 Qe3 30. Qf6 Qxd3+ 31. Ka1 Qxf1+ 32. Rxf1 Re6 33. Qd4
Rbe8 34. Rd1 Nd7 35. a3 35... Ne5 {...} 0-1

[Event "XXVIII Festival Conca della Presolana 1N"]
[Site "Bratto - Castione della Presolana ITA"]
[Date "2008.08.30"]
[Round "8"]
[White "Romano, Zeno"]
[Black "De Bortoli, Thomas"]
[Result "1-0"]
[WhiteElo "1948"]
[BlackElo "1805"]
[PlyCount "55"]
[EventDate "2008.08.23"]

1. e4 c5 2. Nf3 d6 3. d4 cxd4 4. Nxd4 Nf6 5. Nc3 e5 6. Nb3 Be6 7. Be2 Be7 8.
O-O O-O 9. f4 exf4 10. Bxf4 Nbd7 11. Kh1 Nb6 12. Nd4 a6 13. Qd2 d5 14. e5 Nfd7
15. Nxe6 fxe6 16. Bg4 Nc5 17. b4 Ne4 18. Bxe6+ Kh8 19. Nxe4 dxe4 20. Qxd8 Raxd8
21. a3 Rde8 22. Bb3 g5 23. Be3 Nd7 24. Bd4 e3 25. Rfe1 Rf4 26. c3 Ref8 27. e6+
Nf6 28. Bxe3 1-0

[Event "XXVIII Festival Conca della Presolana 1N"]
[Site "Bratto - Castione della Presolana ITA"]
[Date "2008.08.30"]
[Round "8"]
[White "Rossetti, Alberto"]
[Black "Scarpellini, Felice"]
[Result "1-0"]
[WhiteElo "1689"]
[BlackElo "1857"]
[PlyCount "57"]
[EventDate "2008.08.23"]

1. e4 d6 2. d4 g6 3. f4 Bg7 4. Nf3 a6 5. Nc3 b5 6. Bd3 Bb7 7. Be3 Nd7 8. Qd2
Ngf6 9. e5 Nd5 10. Ne4 N7b6 11. O-O-O Qd7 12. Bf2 Nc4 13. Bxc4 bxc4 14. Rhe1
O-O 15. Nc3 Nxc3 16. Qxc3 Bd5 17. Nd2 Qb5 18. g4 Rfb8 19. h4 a5 20. h5 a4 21.
Kb1 a3 22. b3 cxb3 23. cxb3 Rc8 24. hxg6 hxg6 25. Bh4 e6 26. Bf6 c5 27. Qh3 c4
28. Rh1 cxb3 29. Qh8+ 1-0